[Event "Kiel op-B 27th"]
[Site "Kiel"]
[Date "2014.08.05"]
[Round "6"]
[White "Steffen, Joern"]
[Black "Maass, Ralf"]
[Result "1/2-1/2"]
[WhiteElo "1314"]
[BlackElo "1208"]
[PlyCount "56"]
[EventDate "2014.08.02"]
[EventType "swiss"]
[EventRounds "9"]
[EventCountry "GER"]
[SourceTitle "CBM 161 Extra"]
[Source "ChessBase"]
[SourceDate "2014.08.29"]
[SourceVersion "1"]
[SourceVersionDate "2014.08.29"]
[SourceQuality "1"]

1. d4 d5 2. c4 c6 3. Nf3 Nf6 4. Nc3 Bf5 5. e3 e6 6. cxd5 cxd5 7. Nh4 Bg6 8. Nxg6 fxg6 9. g3 Bb4 10. Bg2 Nc6 11. Bd2 0-0 12. 0-0 Rc8 13. a3 Ba5 14. b4 Bb6 15. Na4 a6 16. Rb1 Na7 17. Nc5 Bxc5 18. bxc5 Rb8 19. a4 b6 20. Qc2 Qc7 21. Qd3 bxc5 22. Qxa6 cxd4 23. Qxe6+ Qf7 24. Qxf7+ Kxf7 25. exd4 Rfe8 26. Be3 Nc6 27. Rxb8 Rxb8 28. Rc1 Na5 1/2-1/2

[Event "Kiel op-B 27th"]
[Site "Kiel"]
[Date "2014.08.03"]
[Round "3"]
[White "Serbin, Alexander"]
[Black "Maass, Ralf"]
[Result "1/2-1/2"]
[WhiteElo "1373"]
[BlackElo "1208"]
[PlyCount "58"]
[EventDate "2014.08.02"]
[EventType "swiss"]
[EventRounds "9"]
[EventCountry "GER"]
[SourceTitle "CBM 161 Extra"]
[Source "ChessBase"]
[SourceDate "2014.08.29"]
[SourceVersion "1"]
[SourceVersionDate "2014.08.29"]
[SourceQuality "1"]

1. e4 e5 2. Nf3 Nf6 3. Nc3 Nc6 4. Bb5 d6 5. h3 Bd7 6. d3 a6 7. Bc4 Be6 8. Bb3 Nd4 9. Be3 Nxb3 10. axb3 Be7 11. 0-0 0-0 12. Nh2 Qd7 13. f4 Qc8 14. f5 Bd7 15. Qf3 h6 16. g4 Nh7 17. Rf2 Bg5 18. Rg2 Bxe3+ 19. Qxe3 Qd8 20. Nf3 Ng5 21. Nxg5 Qxg5 22. Qxg5 hxg5 23. h4 gxh4 24. Nd5 c6 25. Nb6 Rad8 26. Nxd7 Rxd7 27. Rh2 g5 28. fxg6 fxg6 29. Rxh4 Rh7 1/2-1/2

[Event "Kiel op-B 26th"]
[Site "Kiel"]
[Date "2013.07.30"]
[Round "6"]
[White "Maass, Ralf"]
[Black "Serbin, Alexander"]
[Result "0-1"]
[WhiteElo "1281"]
[BlackElo "1309"]
[PlyCount "72"]
[EventDate "2013.07.27"]
[EventType "swiss"]
[EventRounds "9"]
[EventCountry "GER"]
[SourceTitle "EXT 2018"]
[Source "ChessBase"]
[SourceDate "2017.10.13"]
[SourceVersion "1"]
[SourceVersionDate "2017.10.13"]
[SourceQuality "1"]

1. e4 e5 2. Nf3 Nc6 3. Bb5 a6 4. Ba4 b5 5. Bb3 Nf6 6. Ng5 d5 7. exd5 Nd4 8. c3 Nxb3 9. Qxb3 Nxd5 10. 0-0 Bb7 11. d3 h6 12. Nf3 Qf6 13. Re1 Nf4 14. Bxf4 Qxf4 15. Nxe5 Be7 16. Qa3 Qg5 17. Qxe7+ Qxe7 18. Nf3 Qxe1+ 19. Nxe1 0-0-0 20. d4 Rhe8 21. Nd2 Re2 22. Rd1 Rde8 23. Kf1 Bd5 24. a3 g5 25. Nc2 Be4 26. Ne3 Bd3 27. Kg1 f5 28. Nf3 g4 29. Rxd3 gxf3 30. gxf3 Rg8+ 31. Kf1 Rxb2 32. Nxf5 Rb1+ 33. Ke2 Rg2 34. Nxh6 Rb2+ 35. Kf1 Rgxf2+ 36. Ke1 Rxh2 0-1